Statistics for 20 Most Populous Countries in a Random Order

Click here to take the quiz!

General Stats

  • This quiz has been taken 65 times
  • The average score is 18 of 20

Answer Stats

Country % Correct
China
100%
Brazil
98%
United States
98%
Japan
98%
Mexico
98%
Indonesia
98%
India
97%
Russia
97%
Germany
95%
Nigeria
94%
Pakistan
94%
Bangladesh
92%
Iran
89%
Turkey
89%
Ethiopia
89%
Egypt
89%
Philippines
84%
DR Congo
82%
France
81%
Vietnam
81%

Score Distribution

Percentile by Number Answered

Percent of People with Each Score

Your Score History

You have not taken this quiz